North Korea or South Korea?: Cities - Statistics

General Stats
  • This quiz has been taken 37 times
  • The average score is 13 of 16
Answer Stats
Question Answer % Correct
Seoul South Korea
100%
Busan South Korea
100%
Pyongyang North Korea
97%
Jeju South Korea
94%
Incheon South Korea
94%
Kaesong North Korea
82%
Chongjin North Korea
82%
Daegu South Korea
82%
Ulsan South Korea
82%
Hyesan North Korea
79%
Wonsan North Korea
74%
Gwangju South Korea
74%
Kwail North Korea
71%
Sinpo North Korea
68%
Nampo North Korea
68%
Jeonju South Korea
59%
No matching quizzes found
Score Distribution
Percent of People with Each Score
Percentile by Number Answered
Your Score History
You have not taken this quiz